Language Quiz

Random Language or Letter Quiz
Score 0/26 Timer 05:00
0 Plays Today
Four-letter word Answers % Correct
a. A beard may cover itch(a)in
96.6%
c. Unable to hearde(c)af
96.3%
d. Word after ''Dances'' or ''Gone'' in a Best Picture titlewi(d)th
87.8%
b. Hidden part of a treero(b)ot
77.6%
g. July birthstoneru(g)by
75.2%
n. Frilly fabricla(n)ce
69.5%
j. ''Runaround Sue'' singerdi(j)on
65.9%
l. It gets high at the beachti(l)de
65.7%
e. Pleasing, agreeableni(e)ce
62.5%
r. You don't want it in your stockingco(r)al
62%
k. Support for a coffinbi(k)er
58%
s. Remove water from a boatba(s)il
56.3%
m. State of deep sleepco(m)ma
50.3%
Four-letter word Answers % Correct
v. A Christmas carolno(v)el
49.1%
h. Someone at a computerus(h)er
46.5%
w. Prophetse(w)er
43.3%
o. Closesh(o)ut
43%
p. Look lasciviously atle(p)er
40.5%
i. ''Woe is me!''al(i)as
37.1%
q. Like a ball between the baselinesfa(q)ir
33%
x. Injure severelyma(x)im
28%
t. Glass containervi(t)al
23.6%
y. Lose influencewa(y)ne
23.3%
u. Nominative or accusative, for instanceca(u)se
20.8%
f. Single subsectionun(f)it
17.5%
z. Voices displeasurebo(z)os
9.1%
Remove Ads.
Support Sporcle.
Get the best of Sporcle when you Go Orange. This ad-free experience offers more features, more stats, and more fun while also helping to support Sporcle. Thank you for becoming a member.

You're not logged in!

Compare scores with friends on all Sporcle quizzes.
OR
Log In

Sporcle TV

Today on Sporcle TV


Watch our educational content, quiz creation guides, and fun videos on Sporcle TV.

Show Comments

Extras

Top Quizzes Today


Score Distribution

Paid Content

Your Account Isn't Verified!

In order to create a playlist on Sporcle, you need to verify the email address you used during registration. Go to your Sporcle Settings to finish the process.

Report this User

Report this user for behavior that violates our Community Guidelines.

Details: